<?xml version="1.0" encoding="UTF-8"?><?xml-stylesheet type="text/xsl" href="static/style.xsl"?><OAI-PMH xmlns="http://www.openarchives.org/OAI/2.0/" xmlns:xsi="http://www.w3.org/2001/XMLSchema-instance" xsi:schemaLocation="http://www.openarchives.org/OAI/2.0/ http://www.openarchives.org/OAI/2.0/OAI-PMH.xsd"><responseDate>2026-04-14T02:07:44Z</responseDate><request verb="GetRecord" identifier="oai:www.recercat.cat:2445/217682" metadataPrefix="marc">https://recercat.cat/oai/request</request><GetRecord><record><header><identifier>oai:recercat.cat:2445/217682</identifier><datestamp>2025-11-19T10:58:15Z</datestamp><setSpec>com_2072_1057</setSpec><setSpec>col_2072_478917</setSpec><setSpec>col_2072_478922</setSpec></header><metadata><record xmlns="http://www.loc.gov/MARC21/slim" xmlns:dcterms="http://purl.org/dc/terms/" xmlns:xsi="http://www.w3.org/2001/XMLSchema-instance" xmlns:doc="http://www.lyncode.com/xoai" xsi:schemaLocation="http://www.loc.gov/MARC21/slim http://www.loc.gov/standards/marcxml/schema/MARC21slim.xsd">
   <leader>00925njm 22002777a 4500</leader>
   <datafield ind2=" " ind1=" " tag="042">
      <subfield code="a">dc</subfield>
   </datafield>
   <datafield ind2=" " ind1=" " tag="720">
      <subfield code="a">Benítez Notario, Gamaliel</subfield>
      <subfield code="e">author</subfield>
   </datafield>
   <datafield ind2=" " ind1=" " tag="720">
      <subfield code="a">Galván Bracho, Cynthia Carolina</subfield>
      <subfield code="e">author</subfield>
   </datafield>
   <datafield ind2=" " ind1=" " tag="720">
      <subfield code="a">Jara Ocampos, Ángela Montserrat</subfield>
      <subfield code="e">author</subfield>
   </datafield>
   <datafield ind2=" " ind1=" " tag="720">
      <subfield code="a">Curtido Estigarribia, Santiago </subfield>
      <subfield code="e">author</subfield>
   </datafield>
   <datafield ind2=" " ind1=" " tag="260">
      <subfield code="c">2025-01-20T13:48:15Z</subfield>
   </datafield>
   <datafield ind2=" " ind1=" " tag="260">
      <subfield code="c">2025-01-20T13:48:15Z</subfield>
   </datafield>
   <datafield ind2=" " ind1=" " tag="260">
      <subfield code="c">2025-01-02</subfield>
   </datafield>
   <datafield ind2=" " ind1=" " tag="260">
      <subfield code="c">2025-01-20T13:48:15Z</subfield>
   </datafield>
   <datafield ind2=" " ind1=" " tag="520">
      <subfield code="a">Introducción: El trabajo del docente está siendo investigado con mayor frecuencia actualmente debido a los nuevos retos que van surgiendo. Muchos profesores utilizan el aprendizaje colaborativo en las aulas, pero no siempre se muestran abiertos al trabajo y a la formación colaborativa. El objetivo de esta investigación fue analizar las percepciones de los docentes acerca de la cultura del individualismo, y sus implicaciones dentro del ejercicio y de la formación continua. Método: Se ha aplicado una metodología cualitativa, mediante el estudio de casos de tipo instrumental, con trece profesores pertenecientes a distintos centros educativos del Paraguay. Para la recogida de datos se aplicó una entrevista semiestructurada con ocho preguntas abiertas. Resultados: El análisis de datos se realizó por medio del software Atlas.ti, emergiendo cinco categorías: a) Formas de ejercicio docente, b) Percepciones ante la observación y evaluación, c) Participación en actividades colaborativas, d) Factores que contribuyen al individualismo, y e) Consideraciones y sugerencias. Discusión: Se concluye resaltando la importancia de la interdependencia en la práctica docente y de reestructurar la formación del profesorado.</subfield>
   </datafield>
   <datafield tag="653" ind2=" " ind1=" ">
      <subfield code="a">Educació permanent</subfield>
   </datafield>
   <datafield tag="653" ind2=" " ind1=" ">
      <subfield code="a">Professors d'educació secundària</subfield>
   </datafield>
   <datafield tag="653" ind2=" " ind1=" ">
      <subfield code="a">Individualisme</subfield>
   </datafield>
   <datafield tag="653" ind2=" " ind1=" ">
      <subfield code="a">Paraguai</subfield>
   </datafield>
   <datafield tag="653" ind2=" " ind1=" ">
      <subfield code="a">Continuing education</subfield>
   </datafield>
   <datafield tag="653" ind2=" " ind1=" ">
      <subfield code="a">High school teachers</subfield>
   </datafield>
   <datafield tag="653" ind2=" " ind1=" ">
      <subfield code="a">Individualism</subfield>
   </datafield>
   <datafield tag="653" ind2=" " ind1=" ">
      <subfield code="a">Paraguay</subfield>
   </datafield>
   <datafield ind2="0" ind1="0" tag="245">
      <subfield code="a">La percepción del profesorado acerca del individualismo en el ámbito de la enseñanza y de la formación continua en el Paraguay</subfield>
   </datafield>
   <datafield ind2="0" ind1="0" tag="245">
      <subfield code="a">La percepció del professorat sobre l’individualisme en l’àmbit de l’ensenyament i de la formació continuada al Paraguai</subfield>
   </datafield>
   <datafield ind2="0" ind1="0" tag="245">
      <subfield code="a">Teachers' perceptions of individualism in teaching and ongoing teacher training in Paraguay</subfield>
   </datafield>
</record></metadata></record></GetRecord></OAI-PMH>